Getting won over (Record no. 80126)

MARC details
000 -LEADER
fixed length control field 00968cab a22002055a 4500
001 - CONTROL NUMBER
control field L143268
008 - FIXED-LENGTH DATA ELEMENTS--GENERAL INFORMATION
fixed length control field 080423e20080418xxk f 000 0 eng d
035 ## - SYSTEM CONTROL NUMBER
System control number (Sirsi) u143268
041 0# - LANGUAGE CODE
Language code of text/sound track or separate title eng
100 1# - MAIN ENTRY--PERSONAL NAME
Personal name Kennett, Stephen
245 00 - TITLE STATEMENT
Title Getting won over
260 ## - PUBLICATION, DISTRIBUTION, ETC.
Date of publication, distribution, etc. 2008
490 ## - SERIES STATEMENT
Series statement Building Magazine
Volume/sequential designation 273(8525) 18 April 2008, 46-47(2)
520 ## - SUMMARY, ETC.
Summary, etc. Considers the development of collaboration software. Project-centred intranets have taken several years to gain acceptance. Argues that behavioural patterns are largely responsible for this. Companies are also failing to dedicate enough bandwidth to these technologies, and still regard email as the most useful means of electronic communication. Reviews its developing use by Hammerson, a firm which initially had poor experience with such software.
590 ## - LOCAL NOTE (RLIN)
Local note KA
651 #4 - SUBJECT ADDED ENTRY--GEOGRAPHIC NAME
Geographic name United Kingdom
Chronological subdivision
690 ## - LOCAL SUBJECT ADDED ENTRY--TOPICAL TERM (OCLC, RLIN)
Topical term or geographic name as entry element Project management
9 (RLIN) 6261
690 ## - LOCAL SUBJECT ADDED ENTRY--TOPICAL TERM (OCLC, RLIN)
Topical term or geographic name as entry element BUILT ENVIRONMENT-CONSTRUCTION DESIGN
942 ## - ADDED ENTRY ELEMENTS (KOHA)
Suppress in OPAC 0
Holdings
Withdrawn status Lost status Source of classification or shelving scheme Damaged status Not for loan Home library Current library Shelving location Date acquired Total Checkouts Full call number Barcode Date last seen Copy number Price effective from Koha item type
    Dewey Decimal Classification     London London Journal article 23/04/2008   L143268 143268-1001 06/08/2019 1 06/08/2019 Journal article